| 000 | 00945nam a2200289 i 4500 | ||
|---|---|---|---|
| 003 | DO-SdBNP | ||
| 005 | 20250423103249.0 | ||
| 007 | ta | ||
| 008 | 190812s1997 dr a 000 spa d | ||
| 040 |
_aDO-SdBNP _bspa _cBNPHU _erda |
||
| 041 | _aspa | ||
| 082 | 4 |
_a001.42 _bR696m 1997 _222 |
|
| 100 |
_aRodríguez Castillo, Príamo, _eautor _4aut. _964499 |
||
| 245 | 1 | 0 |
_aMetodología de la investigación aplicada / _cPríamo Rodríguez Castillo. |
| 250 | _aCuarta edición | ||
| 264 |
_aSantiago, República Dominicana : _bUniversidad Tecnológica de Santiago (UTESA), _c1997. |
||
| 300 |
_a159 páginas : _bilustraciones ; _c24 cm. |
||
| 336 |
_atexto _btxt _2rdacontent |
||
| 337 |
_asin mediación _bn _2rdamedia |
||
| 338 |
_avolumen _bnc _2rdacarrier |
||
| 590 | _aInventariado, 2025 /LP | ||
| 650 | 4 |
_aInvestigación _xMetodología _986655 |
|
| 650 | 4 |
_aCiencia _xMetodología _93 |
|
| 700 | _937674 | ||
| 910 | _aLP | ||
| 942 |
_2ddc _cLBS1 |
||
| 999 |
_c58760 _d58760 |
||